| 000 | 00606nam a2200277Ia 4500 | ||
|---|---|---|---|
| 001 | Z_4468 | ||
| 003 | CHAP | ||
| 008 | 220113s1981 xx 000 0 und d | ||
| 010 | _a167541 | ||
| 040 | _cCHAP | ||
| 082 | _a574.29 L4 | ||
| 100 |
_aLetonturier, P _966372 |
||
| 245 |
_aManual de inmunología general / _cpor P Letonturier |
||
| 260 |
_aMéxico, D. F. : _bMasson, _c1981 |
||
| 300 | _a161 p. | ||
| 440 | _a | ||
| 500 | _a | ||
| 503 | _a | ||
| 650 |
_aI. Inmunología _9141782 |
||
| 901 | _a574.29 L4 | ||
| 902 | _aA | ||
| 910 | _a1981 | ||
| 942 | _c1 | ||
| 942 | _cc1 | ||
| 999 |
_c167541 _d167541 |
||